000 00748nam a2200253 a 4500
001 42178
003 BD-RjUL
005 20211209053514.0
008 160611s1975 enk b 001 0 eng
020 _a0710080921 :
035 _a(BD-RjUL)42296
040 _aDLC
_cDLC
_dDLC
_dBD-RjUL
_beng
041 _aeng
082 0 0 _a327.51
_223
_bLAC 1975
100 1 _aLawrance, Alan
_9129715
245 1 0 _aChina's foreign relations since 1949 /
_cAlan Lawrance
260 _aLondon ;
_aBoston :
_bRoutledge & K. Paul,
_c1975.
300 _axxii, 261 p. ;
_c22 cm.
490 0 _aThe World studies series
500 _aIncludes index.
504 _aBibliography: p. 253-254.
651 0 _aChina
_xForeign relations
_y1949-1976.
_9129668
942 _2ddc
_cBK
999 _c42178
_d42178